Przeciwnicy polskich klubów w europejskich pucharach. - Statystyki

Ogólne statystyki
  • Ten quiz został rozwiązany 28 razy
    14 od ostatniego zresetowania
  • Średni wynik to 8 z 15
Statystyki odpowiedzi
Polska Drużyna Rywal % Poprawnych
Lech Poznań Benfica
77%
Lech Poznań Standard Liege
69%
Lech Poznań Charleroi
62%
Cracovia Malmo
62%
Legia Warszawa Linfield
54%
Legia Warszawa Omonia Nikozja
54%
Lech Poznań Rangers
54%
Lech Poznań Apollon Limassol
46%
Legia Warszawa Drita
46%
Legia Warszawa Qarabag
46%
Lech Poznań Valmiera
46%
Piast Gliwice Dynamo Mińsk
38%
Lech Poznań Hammarby
38%
Piast Gliwice Hartberg
38%
Piast Gliwice Kopenhaga
38%
Nie znaleziono quizów pasujących do podanych kryteriów
Rozkład punktacji
Procent ludzi z każdym wynikiem
Percentyl według liczby udzielonych odpowiedzi
Twoja historia wyników
Nie rozwiązałeś tego quizu od ostatniego zresetowania